00778nam a2200253 i 450000100060000000300090000600500170001500700030003200800410003501600170007602000180009304000200011108000150013110000360014624500970018226000380027930000300031749000320034750000130037950400310039270000360042383000320045985200330049113587ES-MaACL20240524095501.0t|930323s1990 sp ||||0| spa d7 zCEN920078276 a84-7039-554-8 aCEN bspa cCEN a860-14"19"1 aAleixandre, Vicente,d1898-198410aAmbito / cVicente Aleixandre ; edición, introducción y notas de Alejandro Duque Amusco. aMadrid : bCastalia, cD.L. 1990. a263 p. : bil. ; c18 cm.1 aClásicos Castalia ; v175 aIndices. aBibliografía : p. 61-66.0 aDuque Amusco, Alejandro,d1949-0 aClásicos Castalia ; v175 aES-MaACLjL-20981 bR.126589